Código de Comercio, decretado, sancionado y promulgado en 30 de Mayo de 1829. Edición oficial.
Guardat en:
| Autor principal: | |
|---|---|
| Format: | Llibre |
| Idioma: | anglès |
| Publicat: |
Madrid, España:
Imprenta Real,
1829
|
| Matèries: | |
| Etiquetes: |
Afegir etiqueta
Sense etiquetes, Sigues el primer a etiquetar aquest registre!
|
MARC
| LEADER | 00000nam a22000007a 4500 | ||
|---|---|---|---|
| 003 | CL-VaPUC | ||
| 005 | 20220822114417.0 | ||
| 008 | 200403b ||||| |||| 00| 0 eng d | ||
| 999 | |c 423247 |d 423245 | ||
| 040 | |c Pontificia Universidad Católica de Valparaíso | ||
| 082 | 0 | 4 | |a 346.4607 VIA 1829 |2 21 |
| 100 | 1 | |a Viana Razola, Julián |9 814345 | |
| 245 | 1 | |a Código de Comercio, decretado, sancionado y promulgado en 30 de Mayo de 1829. |b Edición oficial. | |
| 260 | 3 | |a Madrid, España: |b Imprenta Real, |c 1829 | |
| 300 | |a 345 páginas | ||
| 500 | |a c.2 Donación Familia Prof. Alejandro Guzmán Brito. | ||
| 583 | |c 20200403 |k Daniel Castañeda | ||
| 650 | 1 | 0 | |a Derecho comercial español |z ESPAÑA |9 400386 |
| 942 | |2 ddc |c BK |n 0 | ||
| 952 | |0 0 |1 0 |2 ddc |4 0 |5 1 |6 346_460700000000000_VIA_1829 |7 1 |8 C_LRYV |9 562304 |a FDOBRV |b BIBDER |d 2020-04-03 |i 5618924 |o 346.4607 VIA 1829 |p 5618924 |r 2023-01-25 |t 1 |w 2020-04-03 |y BK_X |k BRV | ||